000 00439nam a22001697a 4500
003 SGT
020 _a9788131262139
082 _a618.92
_bH21K
100 _aKLEINMAN, KEITH
245 _aTHE HARRIET LANE HAD BOOK : THE JOHNS HOPKING HOSPITAL
250 _a22ND
260 _aINDIA
_bELSEVIER PUB
_c2021
300 _a1236
650 _aPEDIATRICS
653 _aTHE HARRIET LANE HAD BOOK : THE JOHNS HOPKING HOSPITAL
942 _2ddc
_cBK
999 _c23228
_d23228